000 00449nam a2200193Ia 4500
005 20240823040103.0
008 240823s9999||||xx |||||||||||||| ||und||
020 _a81-87057-12-02
041 _aENGLISH
082 _A973.00497 P3
100 _aBhola P L
245 0 _aGreat Indian Lala Lajpat Rai
250 _a1st
260 _c2003
_bPrasanthi Ni
500 _aTRANSFERED
650 _aBiography
_bGeneral
942 _cBK
999 _c202247
_d202247